000 00788nam a2200265 a 4500
001 000043312
003 DO-SdBNP
005 20170928120611.0
007 000043312
008 140305s2013 dr 000 f spa d
020 _a9789945165951
040 _aBPMSU
_bspa
_cBPMSU
082 4 _aRD863.44
_bG934c
100 1 _aGuerrero, Laureano
245 1 0 _aCheché :
_bnovela /
_cLaureano Guerrero
260 _aSanto Domingo :
_bSantuario,
_c2013.
300 _a201 p. ;
_c24 cm.
500 _aIncluye datos biográficos del autor en la solapa de la cubierta
650 4 _aNOVELA DOMINICANA
650 4 _aLITERATURA DOMINICANA
910 _aValidado. Control de calidad MFF
942 _2ddc
_cBK
945 _a Inventariado / 2017 VM
956 _aVMATEO
_b10
_c20150731
_lBPMSU
_h00151
999 _c8039
_d8039